Tilastot visalle Sanat - "Poltetaan tää maa" - Ville Veikka

Klikkaa tästä pelataksesi tätä visaa!

Yleistilastot

  • Tätä visaa on pelattu 17 kertaa
  • Keskiarvotulos 151 / 206

Vastaustilastot

Vastaus% Oikein
alla
100%
istutetaan
100%
ja
100%
jo
100%
joku
100%
maa
100%
muu
100%
puu
100%
rakastuu
100%
jotta
92%
poltetaan
92%
Poltetaan
92%
saa
92%
Se
92%
sen
92%
tää
92%
ei
83%
joskus
83%
kasva
83%
kasvattaa
83%
meidän
83%
on
83%
tänne
83%
voi
83%
edes
75%
jotain
75%
kauniimpaa
75%
meitä
75%
nekin
75%
ohdakkeet
75%
päästä
75%
tappaneet
75%
vuosien
75%
elämä
67%
enää
67%
että
67%
jatkuu
67%
jossa
67%
kasvoi
67%
näyttää
67%
niin
67%
pimeys
67%
sinivuokkoja
67%
Tiedän
67%
tiedän
67%
aavikkoa
58%
kasvaa
58%
kaunis
58%
kerran
58%
kylmää
58%
liian
58%
maassa
58%
maisema
58%
miten
58%
näyttääkin
58%
nykyään
58%
pahalta
58%
paljon
58%
rumalta
58%
tässä
58%
ikkunoista
50%
kaikki
50%
kuivaa
50%
nyt
50%
pääse
50%
pitkälle
50%
pystytty
50%
samalta
50%
sielt
50%
sisälle
50%
suojautumaan
50%
valoo
50%
aika
42%
eikä
42%
elämät
42%
harakat
42%
huomaa
42%
kaluaa
42%
kietoutuneet
42%
kuluttaa
42%
lailla
42%
lehdet
42%
lentäneet
42%
maatuneet
42%
muurit
42%
myöhässä
42%
oksat
42%
perustukset
42%
pois
42%
sortuneet
42%
tääl
42%
varikset
42%
viimeisetkin
42%
yhteen
42%
eroosion
33%
hämärässä
33%
Monen
33%
vuoden
33%
värit
25%
meidät
17%

Tulosjakauma

Persentiili vastausten määrän mukaan

Jokaisen tuloksen saaneiden osuus

Tuloshistoriasi

Et ole pelannut tätä visaa